[Event "The Irish Championship 2020"]
[Site "Colaiste Eanna, Dublin, Ireland"]
[Date "2020.08.06"]
[Round "6"]
[Board "7"]
[White "Cafolla, Peter"]
[Black "Lyons, Brendan"]
[Result "1/2-1/2"]
[WhiteElo "1955"]
[BlackElo "1941"]
[PlyCount "0"]
[EventDate "2020.08.01"]
[EventRounds "9"]
[EventCountry "IRL"]

1. d4 {[%clk 02:16:06]} {[%emt 00:00:04]} d5 {[%clk 01:58:43]} {[%emt
00:17:26]} 2. c4 {[%clk 02:16:25]} {[%emt 00:00:16]} Bf5 {[%clk 01:58:36]}
{[%emt 00:00:42]} 3. Nc3 {[%clk 02:16:52]} {[%emt 00:00:08]} e6 {[%clk
01:59:03]} {[%emt 00:00:08]} 4. Nf3 {[%clk 02:15:59]} {[%emt 00:01:27]} Nc6
{[%clk 01:59:26]} {[%emt 00:00:13]} 5. Bg5 {[%clk 02:13:23]} {[%emt 00:03:11]}
Be7 {[%clk 01:57:55]} {[%emt 00:02:06]} 6. Bxe7 {[%clk 02:13:44]} {[%emt
00:00:14]} Ngxe7 {[%clk 01:57:15]} {[%emt 00:01:16]} 7. e3 {[%clk 02:11:51]}
{[%emt 00:02:28]} O-O {[%clk 01:56:01]} {[%emt 00:01:49]} 8. Nh4 {[%clk
02:06:06]} {[%emt 00:06:20]} Re8 {[%clk 01:46:25]} {[%emt 00:10:11]} 9. Nxf5
{[%clk 02:05:23]} {[%emt 00:01:18]} Nxf5 {[%clk 01:28:03]} {[%emt 00:18:57]} 10.
Be2 {[%clk 02:05:35]} {[%emt 00:00:23]} Qg5 {[%clk 01:27:34]} {[%emt 00:01:04]}
11. Bf3 {[%clk 02:01:26]} {[%emt 00:04:44]} Nh4 {[%clk 01:21:51]} {[%emt
00:06:18]} 12. cxd5 {[%clk 01:56:24]} {[%emt 00:05:37]} Nxf3+ {[%clk 01:10:25]}
{[%emt 00:12:02]} 13. Qxf3 {[%clk 01:55:57]} {[%emt 00:01:01]} exd5 {[%clk
01:08:39]} {[%emt 00:02:21]} 14. h4 {[%clk 01:48:00]} {[%emt 00:08:32]} Qg6
{[%clk 01:01:09]} {[%emt 00:08:05]} 15. O-O {[%clk 01:46:51]} {[%emt 00:01:44]}
Rad8 {[%clk 00:47:54]} {[%emt 00:13:51]} 16. Nxd5 {[%clk 01:45:07]} {[%emt
00:02:19]} Re4 {[%clk 00:45:22]} {[%emt 00:03:05]} 17. Nf4 {[%clk 01:43:26]}
{[%emt 00:02:17]} Qf5 {[%clk 00:45:32]} {[%emt 00:00:25]} 18. g4 {[%clk
01:43:06]} {[%emt 00:00:55]} Nxd4 {[%clk 00:45:37]} {[%emt 00:00:32]} 19. Qh3
{[%clk 01:41:04]} {[%emt 00:02:37]} Qb5 {[%clk 00:45:31]} {[%emt 00:00:40]} 20.
Rad1 {[%clk 01:37:12]} {[%emt 00:04:28]} Qxb2 {[%clk 00:35:57]} {[%emt
00:10:09]} 21. Qg2 {[%clk 01:34:06]} {[%emt 00:03:41]} Qc2 {[%clk 00:27:42]}
{[%emt 00:08:50]} 22. f3 {[%clk 01:26:17]} {[%emt 00:08:24]} Qxg2+ {[%clk
00:15:31]} {[%emt 00:12:46]} 23. Kxg2 {[%clk 01:18:32]} {[%emt 00:08:20]} Rxe3
{[%clk 00:15:34]} {[%emt 00:00:32]} 24. Rd2 {[%clk 01:17:54]} {[%emt 00:01:13]}
Ne6 {[%clk 00:13:00]} {[%emt 00:03:08]} 25. Rxd8+ {[%clk 01:16:48]} {[%emt
00:01:42]} Nxd8 {[%clk 00:13:26]} {[%emt 00:00:09]} 26. Rd1 {[%clk 01:15:47]}
{[%emt 00:01:35]} Re8 {[%clk 00:13:29]} {[%emt 00:00:31]} 27. Rd7 {[%clk
01:12:04]} {[%emt 00:04:19]} c6 {[%clk 00:10:17]} {[%emt 00:03:47]} 28. Nd3
{[%clk 01:11:53]} {[%emt 00:00:46]} a5 {[%clk 00:09:34]} {[%emt 00:01:18]} 29.
a4 {[%clk 01:11:36]} {[%emt 00:00:53]} b6 {[%clk 00:03:39]} {[%emt 00:06:30]}
30. Kf2 {[%clk 01:08:23]} {[%emt 00:03:47]} Ne6 {[%clk 00:03:06]} {[%emt
00:01:08]} 31. Rb7 {[%clk 01:07:25]} {[%emt 00:01:33]} b5 {[%clk 00:01:16]}
{[%emt 00:02:24]} 32. axb5 {[%clk 01:07:36]} {[%emt 00:00:23]} cxb5 {[%clk
00:01:11]} {[%emt 00:00:41]} 33. Rxb5 {[%clk 01:08:03]} {[%emt 00:00:08]} Ra8
{[%clk 00:01:38]} {[%emt 00:00:08]} 34. Nb2 {[%clk 01:06:51]} {[%emt 00:01:47]}
a4 {[%clk 00:01:58]} {[%emt 00:00:15]} 35. Nd1 {[%clk 01:06:32]} {[%emt
00:00:54]} a3 {[%clk 00:01:57]} {[%emt 00:00:37]} 36. Rb1 {[%clk 01:07:03]}
{[%emt 00:00:04]} Nd4 {[%clk 00:01:53]} {[%emt 00:00:38]} 37. Nc3 {[%clk
01:07:05]} {[%emt 00:00:35]} f6 {[%clk 00:01:45]} {[%emt 00:00:41]} 38. Na2
{[%clk 01:06:48]} {[%emt 00:00:53]} Re8 {[%clk 00:01:58]} {[%emt 00:00:21]} 39.
Nc1 {[%clk 01:03:50]} {[%emt 00:03:33]} Rc8 {[%clk 00:02:05]} {[%emt 00:00:28]}
40. Ke3 {[%clk 01:03:41]} {[%emt 00:00:45]} Nc2+ {[%clk 00:01:51]} {[%emt
00:00:48]} 41. Kd2 {[%clk 01:04:01]} {[%emt 00:00:15]} Nd4 {[%clk 00:02:00]}
{[%emt 00:00:26]} 42. Ke3 {[%clk 01:03:49]} {[%emt 00:00:47]} Nc2+ {[%clk
00:01:15]} {[%emt 00:01:20]} 43. Kd2 {[%clk 01:04:17]} {[%emt 00:00:07]} a2
{[%clk 00:01:06]} {[%emt 00:00:44]} 44. Nxa2 {[%clk 01:04:33]} {[%emt
00:00:19]} Na3 {[%clk 00:01:39]} {[%emt 00:00:02]} 45. Ra1 {[%clk 01:04:32]}
{[%emt 00:00:36]} Nc4+ {[%clk 00:01:04]} {[%emt 00:01:10]} 46. Ke2 {[%clk
00:54:48]} {[%emt 00:10:19]} Ra8 {[%clk 00:01:15]} {[%emt 00:00:23]} 47. f4
{[%clk 00:55:09]} {[%emt 00:00:15]} Ra3 {[%clk 00:01:07]} {[%emt 00:00:43]} 48.
Kd1 {[%clk 00:54:10]} {[%emt 00:01:34]} Ne3+ {[%clk 00:01:14]} {[%emt
00:00:28]} 49. Kc1 {[%clk 00:54:39]} {[%emt 00:00:06]} Nxg4 {[%clk 00:01:31]}
{[%emt 00:00:18]} 50. Kb2 {[%clk 00:54:55]} {[%emt 00:00:18]} Rf3 {[%clk
00:01:36]} {[%emt 00:00:29]} 51. Nc3 {[%clk 00:55:23]} {[%emt 00:00:08]} Rxf4
{[%clk 00:02:00]} {[%emt 00:00:11]} 52. Ra8+ {[%clk 00:55:15]} {[%emt
00:00:44]} Kf7 {[%clk 00:02:30]} {[%emt 00:00:05]} 53. h5 {[%clk 00:55:34]}
{[%emt 00:00:15]} Ke6 {[%clk 00:01:26]} {[%emt 00:01:39]} 54. Ra7 {[%clk
00:54:42]} {[%emt 00:01:28]} Rf2+ {[%clk 00:01:11]} {[%emt 00:00:48]} 55. Kb3
{[%clk 00:54:55]} {[%emt 00:00:23]} g6 {[%clk 00:00:48]} {[%emt 00:00:58]} 56.
Rxh7 {[%clk 00:55:23]} {[%emt 00:00:08]} gxh5 {[%clk 00:00:51]} {[%emt
00:00:32]} 57. Rxh5 {[%clk 00:55:47]} {[%emt 00:00:11]} f5 {[%clk 00:01:18]}
{[%emt 00:00:07]} 58. Nd1 {[%clk 00:55:26]} {[%emt 00:00:56]} Rf1 {[%clk
00:01:40]} {[%emt 00:00:14]} 59. Kc2 {[%clk 00:54:48]} {[%emt 00:01:13]} Ke5
{[%clk 00:01:55]} {[%emt 00:00:18]} 60. Kd2 {[%clk 00:54:58]} {[%emt 00:00:26]}
Ke4 {[%clk 00:01:45]} {[%emt 00:00:44]} 61. Nc3+ {[%clk 00:54:07]} {[%emt
00:01:28]} Kd4 {[%clk 00:00:42]} {[%emt 00:01:36]} 62. Ne2+ {[%clk 00:54:24]}
{[%emt 00:00:20]} Ke5 {[%clk 00:00:38]} {[%emt 00:00:39]} 63. Ng3 {[%clk
00:53:44]} {[%emt 00:01:14]} Rf2+ {[%clk 00:01:00]} {[%emt 00:00:12]} 64. Kc1
{[%clk 00:53:14]} {[%emt 00:01:06]} Ne3 {[%clk 00:01:21]} {[%emt 00:00:14]} 65.
Nxf5 {[%clk 00:53:09]} {[%emt 00:00:39]} Nxf5 {[%clk 00:01:49]} {[%emt
00:00:07]} 66. Rh8 {[%clk 00:53:36]} {[%emt 00:00:08]} Ke4 {[%clk 00:02:07]}
{[%emt 00:00:18]} 67. Rd8 {[%clk 00:53:46]} {[%emt 00:00:25]} Nd4 {[%clk
00:02:35]} {[%emt 00:00:07]} 68. Kd1 {[%clk 00:53:36]} {[%emt 00:00:44]} Kd3
{[%clk 00:02:54]} {[%emt 00:00:17]} 69. Ke1 {[%clk 00:53:57]} {[%emt 00:00:13]}
Rg2 {[%clk 00:02:11]} {[%emt 00:01:17]} 70. Rd7 {[%clk 00:54:06]} {[%emt
00:00:26]} Ke4 {[%clk 00:01:47]} {[%emt 00:01:00]} 71. Re7+ {[%clk 00:53:11]}
{[%emt 00:01:33]} Kf3 {[%clk 00:01:14]} {[%emt 00:01:05]} 72. Rf7+ {[%clk
00:53:30]} {[%emt 00:00:16]} Ke4 {[%clk 00:01:29]} {[%emt 00:00:20]} 73. Re7+
{[%clk 00:53:57]} {[%emt 00:00:08]} Kd5 {[%clk 00:01:56]} {[%emt 00:00:08]} 74.
Rd7+ {[%clk 00:54:16]} {[%emt 00:00:15]} Kc5 {[%clk 00:02:17]} {[%emt
00:00:15]} 75. Rf7 {[%clk 00:54:41]} {[%emt 00:00:09]} Nc2+ {[%clk 00:02:46]}
{[%emt 00:00:08]} 76. Kf1 {[%clk 00:55:06]} {[%emt 00:00:09]} Ne3+ {[%clk
00:03:17]} {[%emt 00:00:04]} 77. Ke1 {[%clk 00:55:31]} {[%emt 00:00:10]} Kd4
{[%clk 00:02:52]} {[%emt 00:01:00]} 78. Rd7+ {[%clk 00:53:01]} {[%emt
00:03:05]} Nd5 {[%clk 00:03:01]} {[%emt 00:00:27]} 79. Rd8 {[%clk 00:53:13]}
{[%emt 00:00:22]} Ke3 {[%clk 00:03:12]} {[%emt 00:00:25]} 80. Re8+ {[%clk
00:53:23]} {[%emt 00:00:24]} Kf3 {[%clk 00:03:37]} {[%emt 00:00:11]} 81. Rf8+
{[%clk 00:53:25]} {[%emt 00:00:33]} Nf4 {[%clk 00:03:59]} {[%emt 00:00:13]} 82.
Kd1 {[%clk 00:53:28]} {[%emt 00:00:32]} Rf2 {[%clk 00:03:17]} {[%emt 00:01:16]}
83. Rf7 {[%clk 00:53:42]} {[%emt 00:00:21]} Ke3 {[%clk 00:02:44]} {[%emt
00:01:09]} 84. Re7+ {[%clk 00:53:53]} {[%emt 00:00:25]} Kd4 {[%clk 00:02:53]}
{[%emt 00:00:26]} 85. Rd7+ {[%clk 00:54:12]} {[%emt 00:00:15]} Nd5 {[%clk
00:03:13]} {[%emt 00:00:16]} 86. Rd8 {[%clk 00:54:34]} {[%emt 00:00:13]} Rf5
{[%clk 00:03:30]} {[%emt 00:00:19]} 87. Ke2 {[%clk 00:54:35]} {[%emt 00:00:33]}
Rf7 {[%clk 00:03:18]} {[%emt 00:00:46]} 88. Rd6 {[%clk 00:54:36]} {[%emt
00:00:34]} Re7+ {[%clk 00:02:32]} {[%emt 00:01:22]} 89. Kf2 {[%clk 00:54:27]}
{[%emt 00:00:44]} Ke4 {[%clk 00:02:52]} {[%emt 00:00:16]} 90. Ra6 {[%clk
00:54:24]} {[%emt 00:00:38]} Rh7 {[%clk 00:03:14]} {[%emt 00:00:13]} 91. Ra4+
{[%clk 00:54:37]} {[%emt 00:00:23]}  1/2-1/2

[Event "The Irish Championship 2020"]
[Site "Colaiste Eanna, Dublin, Ireland"]
[Date "2020.08.06"]
[Round "6"]
[Board "9"]
[White "Collins, Sam"]
[Black "O'Gorman, Tom"]
[Result "0-1"]
[WhiteElo "2459"]
[BlackElo "2345"]
[PlyCount "0"]
[EventDate "2020.08.01"]
[EventRounds "9"]
[EventCountry "IRL"]

1. d4 {[%clk 01:53:35]} {[%emt 00:22:34]} Nf6 {[%emt 00:00:48]} 2. Bg5 {[%clk
01:53:50]} {[%emt 00:00:05]} d5 {[%emt 00:03:04]} 3. e3 {[%clk 01:49:21]}
{[%emt 00:03:43]} e6 {[%emt 00:01:05]} 4. Nf3 {[%clk 01:47:38]} {[%emt
00:02:06]} c5 {[%emt 00:02:48]} 5. c3 {[%clk 01:45:10]} {[%emt 00:02:38]} Nc6
{[%emt 00:01:34]} 6. Nbd2 {[%clk 01:44:33]} {[%emt 00:00:58]} h6 {[%emt
00:04:52]} 7. Bh4 {[%clk 01:42:38]} {[%emt 00:02:12]} Be7 {[%emt 00:01:22]} 8.
Bd3 {[%clk 01:38:54]} {[%emt 00:04:07]} Qc7 {[%emt 00:20:38]} 9. O-O {[%clk
01:34:30]} {[%emt 00:02:22]} b6 {[%emt 00:04:37]} 10. Rc1 {[%clk 01:27:47]}
{[%emt 00:06:51]} O-O {[%emt 00:12:01]} 11. Qe2 {[%clk 01:16:25]} {[%emt
00:03:47]} Bb7 {[%emt 00:10:43]} 12. c4 {[%clk 01:06:07]} {[%emt 00:10:41]}
cxd4 {[%emt 00:08:08]} 13. exd4 {[%clk 00:53:40]} {[%emt 00:12:49]} Qd8 {[%emt
00:06:05]} 14. c5 {[%clk 00:42:09]} {[%emt 00:11:54]} Nd7 {[%emt 00:10:03]} 15.
Bxe7 {[%clk 00:37:08]} {[%emt 00:05:28]} Qxe7 {[%emt 00:00:20]} 16. cxb6 {[%clk
00:35:48]} {[%emt 00:01:53]} axb6 {[%emt 00:03:30]} 17. a3 {[%clk 00:33:13]}
{[%emt 00:00:29]} Rfc8 {[%emt 00:03:31]} 18. Rc3 {[%clk 00:31:04]} {[%emt
00:02:38]} Qf6 {[%emt 00:12:58]} 19. Rfc1 {[%clk 00:29:23]} {[%emt 00:02:09]}
Nxd4 {[%emt 00:08:27]} 20. Nxd4 {[%clk 00:28:53]} {[%emt 00:00:24]} Qxd4 {[%emt
00:00:16]} 21. Nf3 {[%clk 00:28:31]} {[%emt 00:00:52]} Qf4 {[%emt 00:01:45]} 22.
Qe3 {[%clk 00:26:45]} {[%emt 00:02:15]} Qxe3 {[%emt 00:02:59]} 23. fxe3 {[%clk
00:27:09]} {[%emt 00:00:04]} Rxc3 {[%emt 00:01:03]} 24. Rxc3 {[%clk 00:27:35]}
{[%emt 00:00:04]} Rc8 {[%emt 00:00:29]} 25. Rxc8+ {[%clk 00:27:33]} {[%emt
00:00:32]} Bxc8 {[%emt 00:00:13]} 26. b4 {[%clk 00:27:21]} {[%emt 00:00:43]}
Kf8 {[%emt 00:01:38]} 27. Kf2 {[%clk 00:27:31]} {[%emt 00:00:20]} Ke7 {[%emt
00:00:41]} 28. Bb5 {[%clk 00:26:40]} {[%emt 00:01:19]} Kd6 {[%emt 00:01:31]} 29.
Be2 {[%clk 00:26:42]} {[%emt 00:00:29]} Nf6 {[%emt 00:01:15]} 30. h3 {[%clk
00:25:52]} {[%emt 00:01:20]} Ne4+ {[%emt 00:02:07]} 31. Ke1 {[%clk 00:26:03]}
{[%emt 00:00:18]} e5 {[%emt 00:02:24]} 32. Nd2 {[%clk 00:25:10]} {[%emt
00:01:22]} Nc3 {[%emt 00:01:41]} 33. h4 {[%clk 00:24:08]} {[%emt 00:01:30]} g5
{[%emt 00:03:26]} 34. hxg5 {[%clk 00:23:40]} {[%emt 00:00:05]} hxg5 {[%emt
00:00:09]} 35. Bd3 {[%clk 00:23:11]} {[%emt 00:00:59]} Bd7 {[%emt 00:01:06]} 36.
g3 {[%clk 00:22:15]} {[%emt 00:01:19]} Bb5 {[%emt 00:04:52]} 37. Nb1 {[%clk
00:20:59]} {[%emt 00:01:45]} Nxb1 {[%emt 00:02:12]} 38. Bxb1 {[%clk 00:21:19]}
{[%emt 00:00:09]} e4 {[%emt 00:01:22]} 39. Kd2 {[%clk 00:20:44]} {[%emt
00:01:04]} Ba4 {[%emt 00:09:16]} 40. Kc3 {[%clk 00:17:34]} {[%emt 00:03:20]}
Ke5 {[%emt 00:00:13]} 41. Ba2 {[%clk 00:17:34]} {[%emt 00:00:32]} b5 {[%emt
00:01:02]} 42. Kd2 {[%clk 00:13:29]} {[%emt 00:04:33]} f6 {[%emt 00:02:12]} 43.
g4 {[%clk 00:10:31]} {[%emt 00:03:29]} d4 {[%emt 00:01:15]} 44. Bf7 {[%clk
00:09:44]} {[%emt 00:01:16]} dxe3+ {[%emt 00:02:02]} 45. Kxe3 {[%clk 00:09:57]}
{[%emt 00:00:17]} Bd1 {[%emt 00:00:44]} 46. Be8 {[%clk 00:07:16]} {[%emt
00:03:10]} Bxg4 {[%emt 00:00:16]} 47. Bxb5 {[%clk 00:07:35]} {[%emt 00:00:12]}
f5 {[%emt 00:00:17]} 48. a4 {[%clk 00:06:48]} {[%emt 00:01:18]} f4+ {[%emt
00:00:32]} 49. Kd2 {[%clk 00:03:05]} {[%emt 00:04:14]} e3+ {[%emt 00:00:24]} 50.
Kc3 {[%clk 00:03:02]} {[%emt 00:00:32]} Bf3 {[%emt 00:01:39]} 51. Be8 {[%clk
00:01:54]} {[%emt 00:01:37]} g4 {[%emt 00:02:42]} 52. Bh5 {[%clk 00:01:48]}
{[%emt 00:00:36]} Bd1 {[%emt 00:01:24]} 53. b5 {[%clk 00:00:44]} {[%emt
00:01:33]} Bxa4 {[%emt 00:00:49]} 54. b6 {[%clk 00:00:55]} {[%emt 00:00:20]}
Bc6 {[%emt 00:00:42]} 55. Bxg4 {[%clk 00:01:22]} {[%emt 00:00:05]} f3 {[%emt
00:01:08]} 56. Bc8 {[%clk 00:00:45]} {[%emt 00:01:09]} f2 {[%emt 00:01:49]} 57.
Ba6 {[%clk 00:01:09]} {[%emt 00:00:10]} Bf3 {[%emt 00:02:17]} 58. Be2 {[%clk
00:01:12]} {[%emt 00:00:29]} Kd6 {[%emt 00:00:49]} 59. b7 {[%clk 00:00:59]}
{[%emt 00:00:44]} Kc7 {[%emt 00:00:31]} 60. Bf1 {[%clk 00:01:02]} {[%emt
00:00:28]} e2 {[%clk 00:13:51]} {[%emt 00:00:16]}  0-1

[Event "The Irish Championship 2020"]
[Site "Colaiste Eanna, Dublin, Ireland"]
[Date "2020.08.06"]
[Round "6"]
[Board "10"]
[White "Kanyamarala, Trisha"]
[Black "O'Connor, Jonathan"]
[Result "1/2-1/2"]
[WhiteElo "2193"]
[BlackElo "2159"]
[PlyCount "0"]
[EventDate "2020.08.01"]
[EventRounds "9"]
[EventCountry "IRL"]

1. d4 {[%clk 02:15:48]} {[%emt 00:00:11]} Nf6 {[%emt 00:00:26]} 2. c4 {[%clk
02:15:58]} {[%emt 00:00:21]} g6 {[%emt 00:00:15]} 3. Nc3 {[%clk 02:15:55]}
{[%emt 00:00:29]} d5 {[%emt 00:00:19]} 4. cxd5 {[%clk 02:15:02]} {[%emt
00:01:23]} Nxd5 {[%emt 00:00:14]} 5. e4 {[%clk 02:14:36]} {[%emt 00:00:56]}
Nxc3 {[%emt 00:00:14]} 6. bxc3 {[%clk 02:14:57]} {[%emt 00:00:07]} Bg7 {[%emt
00:00:15]} 7. Nf3 {[%clk 02:12:57]} {[%emt 00:02:33]} c5 {[%emt 00:06:05]} 8.
Be3 {[%clk 02:11:58]} {[%emt 00:00:41]} Qa5 {[%emt 00:06:24]} 9. Qd2 {[%clk
01:59:04]} {[%emt 00:13:24]} O-O {[%emt 00:03:27]} 10. Be2 {[%clk 01:44:22]}
{[%emt 00:15:12]} Nc6 {[%emt 00:05:01]} 11. Rd1 {[%clk 01:41:42]} {[%emt
00:03:11]} Rd8 {[%emt 00:06:05]} 12. O-O {[%clk 01:39:20]} {[%emt 00:02:54]}
Bg4 {[%emt 00:02:35]} 13. Qb2 {[%clk 01:36:19]} {[%emt 00:03:31]} cxd4 {[%emt
00:17:12]} 14. cxd4 {[%clk 01:35:37]} {[%emt 00:01:14]} b6 {[%emt 00:00:31]} 15.
a3 {[%clk 01:13:26]} {[%emt 00:22:38]} Bxf3 {[%emt 00:09:20]} 16. Bxf3 {[%clk
01:10:41]} {[%emt 00:01:34]} Qa4 {[%emt 00:00:21]} 17. e5 {[%clk 01:07:30]}
{[%emt 00:03:41]} Rac8 {[%emt 00:00:31]} 18. Be2 {[%clk 00:55:33]} {[%emt
00:12:29]} Na5 {[%emt 00:00:44]} 19. Rc1 {[%clk 00:51:40]} {[%emt 00:04:23]}
Nc4 {[%emt 00:06:13]} 20. Bxc4 {[%clk 00:46:15]} {[%emt 00:05:57]} Rxc4 {[%emt
00:00:17]} 21. Rxc4 {[%clk 00:45:37]} {[%emt 00:01:09]} Qxc4 {[%emt 00:00:14]}
22. Rc1 {[%clk 00:45:17]} {[%emt 00:00:52]} Qd5 {[%emt 00:02:22]} 23. Qb4
{[%clk 00:38:02]} {[%emt 00:07:46]} Bf8 {[%emt 00:19:43]} 24. h3 {[%clk
00:36:19]} {[%emt 00:02:14]} f6 {[%emt 00:25:25]} 25. Qa4 {[%clk 00:22:40]}
{[%emt 00:14:09]} a5 {[%emt 00:08:21]} 26. Rb1 {[%clk 00:18:30]} {[%emt
00:04:42]} Rb8 {[%emt 00:07:26]} 27. Rc1 {[%clk 00:11:46]} {[%emt 00:07:16]}
Rd8 {[%emt 00:03:10]} 28. Rb1 {[%clk 00:09:46]} {[%emt 00:02:31]} Rb8 {[%emt
00:00:12]} 29. Rb5 {[%clk 00:01:35]} {[%emt 00:08:42]} Qa2 {[%emt 00:00:27]} 30.
Rb3 {[%clk 00:01:24]} {[%emt 00:00:44]} b5 {[%emt 00:07:43]} 31. Rxb5 {[%clk
00:01:42]} {[%emt 00:00:16]} Rxb5 {[%emt 00:00:12]} 32. Qxb5 {[%clk 00:02:07]}
{[%emt 00:00:08]} Qxa3 {[%emt 00:00:13]} 33. Qc4+ {[%clk 00:01:19]} {[%emt
00:01:21]} Kg7 {[%emt 00:00:23]} 34. exf6+ {[%clk 00:01:07]} {[%emt 00:00:46]}
exf6 {[%emt 00:00:22]} 35. Qc7+ {[%clk 00:01:15]} {[%emt 00:00:25]} Kg8 {[%emt
00:00:46]} 36. Qc4+ {[%clk 00:01:16]} {[%emt 00:00:29]} Kg7 {[%emt 00:00:15]}
37. Qc7+ {[%clk 00:01:41]} {[%emt 00:00:09]} Kg8 {[%emt 00:02:25]} 38. Qc4+
{[%clk 00:00:43]} {[%emt 00:01:32]} Kg7 {[%emt 00:00:26]} 39. Qc7+ {[%clk
00:00:59]} {[%emt 00:00:13]}  1/2-1/2

[Event "The Irish Championship 2020"]
[Site "Colaiste Eanna, Dublin, Ireland"]
[Date "2020.08.06"]
[Round "6"]
[Board "11"]
[White "Collins, Adam"]
[Black "Moran, Darragh"]
[Result "1-0"]
[WhiteElo "1760"]
[BlackElo "1873"]
[PlyCount "0"]
[EventDate "2020.08.01"]
[EventRounds "9"]
[EventCountry "IRL"]

1. b3 {[%emt 00:19:13]} d5 {[%clk 01:56:56]} {[%emt 00:00:02]} 2. Bb2 {[%clk
02:16:38]} {[%emt 00:00:05]} Bg4 {[%clk 01:57:28]} {[%emt 00:00:04]} 3. g3
{[%clk 02:17:08]} {[%emt 00:00:05]} Nd7 {[%clk 01:57:40]} {[%emt 00:00:22]} 4.
Bg2 {[%clk 02:17:30]} {[%emt 00:00:13]} Ngf6 {[%clk 01:57:37]} {[%emt
00:00:39]} 5. d3 {[%clk 02:17:59]} {[%emt 00:00:06]} e5 {[%clk 01:55:45]}
{[%emt 00:02:26]} 6. Nd2 {[%clk 02:18:26]} {[%emt 00:00:08]} Bd6 {[%clk
01:56:08]} {[%emt 00:00:12]} 7. h3 {[%clk 02:18:52]} {[%emt 00:00:09]} Be6
{[%clk 01:54:49]} {[%emt 00:01:55]} 8. e3 {[%clk 02:19:13]} {[%emt 00:00:14]}
O-O {[%clk 01:54:18]} {[%emt 00:01:06]} 9. Ne2 {[%clk 02:19:42]} {[%emt
00:00:06]} Qe7 {[%clk 01:51:37]} {[%emt 00:03:16]} 10. a3 {[%clk 02:20:12]}
{[%emt 00:00:05]} Rfe8 {[%clk 01:49:36]} {[%emt 00:02:36]} 11. O-O {[%clk
02:20:14]} {[%emt 00:00:32]} Rac8 {[%clk 01:42:41]} {[%emt 00:07:30]} 12. Nf3
{[%clk 02:09:50]} {[%emt 00:10:59]} c6 {[%clk 01:37:09]} {[%emt 00:06:07]} 13.
Ng5 {[%clk 01:48:03]} {[%emt 00:22:21]} Bf5 {[%clk 01:30:19]} {[%emt 00:07:26]}
14. Nf3 {[%clk 01:27:29]} {[%emt 00:21:10]} h6 {[%clk 01:23:54]} {[%emt
00:07:00]} 15. Re1 {[%clk 01:11:41]} {[%emt 00:16:23]} e4 {[%clk 01:16:54]}
{[%emt 00:07:35]} 16. dxe4 {[%clk 01:01:31]} {[%emt 00:10:45]} dxe4 {[%clk
01:14:26]} {[%emt 00:03:03]} 17. Ned4 {[%clk 00:49:31]} {[%emt 00:12:34]} Bh7
{[%clk 01:08:46]} {[%emt 00:06:15]} 18. Nd2 {[%clk 00:49:02]} {[%emt 00:01:03]}
Ne5 {[%clk 01:07:28]} {[%emt 00:01:52]} 19. Qe2 {[%clk 00:47:47]} {[%emt
00:01:51]} a6 {[%clk 01:00:15]} {[%emt 00:07:49]} 20. b4 {[%clk 00:38:25]}
{[%emt 00:09:57]} c5 {[%clk 00:55:50]} {[%emt 00:04:59]} 21. bxc5 {[%clk
00:36:49]} {[%emt 00:02:11]} Rxc5 {[%clk 00:46:39]} {[%emt 00:09:46]} 22. a4
{[%clk 00:34:51]} {[%emt 00:02:34]} Rc7 {[%clk 00:41:39]} {[%emt 00:05:34]} 23.
Red1 {[%clk 00:31:30]} {[%emt 00:03:55]} Rec8 {[%clk 00:39:54]} {[%emt
00:02:22]} 24. a5 {[%clk 00:27:57]} {[%emt 00:04:08]} Bb4 {[%clk 00:32:47]}
{[%emt 00:07:41]} 25. Rdb1 {[%clk 00:19:22]} {[%emt 00:09:09]} Qc5 {[%clk
00:17:40]} {[%emt 00:15:44]} 26. Ra4 {[%clk 00:11:58]} {[%emt 00:07:57]} g5
{[%clk 00:07:41]} {[%emt 00:10:35]} 27. N4b3 {[%clk 00:09:38]} {[%emt
00:02:54]} Qxc2 {[%clk 00:04:16]} {[%emt 00:04:01]} 28. Rxb4 {[%clk 00:06:15]}
{[%emt 00:03:58]} Nd3 {[%clk 00:03:32]} {[%emt 00:01:19]} 29. Rb6 {[%clk
00:04:50]} {[%emt 00:01:59]} Nxb2 {[%clk 00:01:53]} {[%emt 00:02:15]} 30. Rxf6
{[%clk 00:03:46]} {[%emt 00:01:38]} Nc4 {[%clk 00:01:18]} {[%emt 00:01:12]} 31.
Rxh6 {[%clk 00:00:49]} {[%emt 00:03:31]} Nxd2 {[%clk 00:00:43]} {[%emt
00:01:10]} 32. Nxd2 {[%clk 00:01:19]} {[%emt 00:00:05]} Rd8 {[%clk 00:00:55]}
{[%emt 00:00:23]} 33. Rd1 {[%clk 00:00:40]} {[%emt 00:01:14]} Rcd7 {[%clk
00:00:46]} {[%emt 00:00:45]} 34. Rxh7 {[%clk 00:00:44]} {[%emt 00:00:32]} Rxd2
{[%clk 00:00:45]} {[%emt 00:00:36]} 35. Rxd2 {[%clk 00:01:06]} {[%emt
00:00:12]} Rxd2 {[%clk 00:00:45]} {[%emt 00:00:35]} 36. Qh5 {[%clk 00:01:29]}
{[%emt 00:00:12]} Qd1+ {[%clk 00:00:40]} {[%emt 00:00:40]} 37. Kh2 {[%clk
00:01:37]} {[%emt 00:00:27]} Qxh5 {[%clk 00:00:40]} {[%emt 00:00:34]} 38. Rxh5
{[%clk 00:02:10]} {[%emt 00:00:03]} f6 {[%clk 00:00:57]} {[%emt 00:00:19]} 39.
Bxe4 {[%clk 00:01:56]} {[%emt 00:00:48]} Rxf2+ {[%clk 00:01:17]} {[%emt
00:00:15]} 40. Kg1 {[%clk 00:02:27]} {[%emt 00:00:04]} Re2 {[%clk 00:00:58]}
{[%emt 00:00:53]} 41. Bxb7 {[%clk 00:01:56]} {[%emt 00:01:07]} Rxe3 {[%clk
00:01:32]} 42. Bxa6 {[%clk 00:01:55]} {[%emt 00:00:36]} Rxg3+ {[%clk 00:02:03]}
{[%emt 00:00:04]} 43. Kf2 {[%clk 00:02:23]} {[%emt 00:00:07]} Ra3 {[%clk
00:02:30]} {[%emt 00:00:08]} 44. Bc4+ {[%clk 00:02:54]} {[%emt 00:00:04]} Kg7
{[%clk 00:02:27]} {[%emt 00:00:38]} 45. a6 {[%clk 00:03:24]} {[%emt 00:00:04]}
Rc3 {[%clk 00:02:51]} {[%emt 00:00:11]} 46. Be2 {[%clk 00:03:25]} {[%emt
00:00:35]} Rc8 {[%clk 00:03:08]} {[%emt 00:00:20]} 47. Bd3 {[%clk 00:03:35]}
{[%emt 00:00:24]} Rd8 {[%clk 00:02:10]} {[%emt 00:01:34]} 48. a7 {[%clk
00:03:45]} {[%emt 00:00:23]}  1-0